Boletin informativo.

Bibliographic Details
New Title:Asociacion Venezolana de Geologia, Mineria y Petroleo. Boletin AVGMP
Corporate Author: Asociación Venezolana de Geología, Minería y Petróleo
Format: Serial
Language:Spanish
Published: Chacao, Venezuela. [publisher not identified] ;
Subjects:
Online Availability: Check for online availability

MARC

Tag First Indicator Second Indicator Subfields
LEADER 00000cas a2200000 4500
001 in00000069793
005 20151008055845.0
008 750806d19581975ve uu 0uuub0spa d
022 |a 0571-4338 
035 |a (OCoLC)01514476 
035 |9 AAJ4566AM 
040 |a MUL  |c MUL  |d TXA  |d UtOrBLW 
049 |a TXAE 
090 |a QE251  |b .A75 
110 2 |a Asociación Venezolana de Geología, Minería y Petróleo. 
245 1 0 |a Boletin informativo. 
264 1 |a Chacao, Venezuela.  |b [publisher not identified] ; 
300 |a 18 volumes :  |b illustrations 
310 |a Monthly 
336 |a text  |b txt  |2 rdacontent 
337 |a unmediated  |b n  |2 rdamedia 
338 |a volume  |b nc  |2 rdacarrier 
362 0 |a v. 1-18, no. 4; June 1958-Dec. 1975. 
650 0 |a Geology  |z Venezuela. 
785 0 0 |a Asociacion Venezolana de Geologia, Mineria y Petroleo.  |t Boletin AVGMP  |w (DLC) 77649352 
999 |a MARS 
999 f f |s f5290734-9ad9-3b07-a8f7-195772d7ca78  |i 88d4b3e2-e92e-35af-a18a-e7053d4d6e61  |t 0 
952 f f |a Texas A&M University  |b Rellis Campus  |c Joint Library Facility  |d Remote Storage  |e QE251 .A75  |h Library of Congress classification  |i unmediated -- volume  |k v.3  |l 1960  |m A14828456264  |p ric  |s JLF  |t 0 
952 f f |a Texas A&M University  |b Rellis Campus  |c Joint Library Facility  |d Remote Storage  |e QE251 .A75  |h Library of Congress classification  |i unmediated -- volume  |k v.6  |l 1963  |m A14828832169  |p ric  |s JLF  |t 0 
952 f f |a Texas A&M University  |b Rellis Campus  |c Joint Library Facility  |d Remote Storage  |e QE251 .A75  |h Library of Congress classification  |i unmediated -- volume  |k v.11  |l 1968  |m A14828836529  |p ric  |s JLF  |t 0 
952 f f |a Texas A&M University  |b Rellis Campus  |c Joint Library Facility  |d Remote Storage  |e QE251 .A75  |h Library of Congress classification  |i unmediated -- volume  |k v.2  |l 1959  |m A14828456793  |p ric  |s JLF  |t 0 
952 f f |a Texas A&M University  |b Rellis Campus  |c Joint Library Facility  |d Remote Storage  |e QE251 .A75  |h Library of Congress classification  |i unmediated -- volume  |k v.7  |l 1964  |m A14828832525  |p ric  |s JLF  |t 0 
952 f f |a Texas A&M University  |b Rellis Campus  |c Joint Library Facility  |d Remote Storage  |e QE251 .A75  |h Library of Congress classification  |i unmediated -- volume  |k v.4  |l 1961  |m A14828832363  |p ric  |s JLF  |t 0 
952 f f |a Texas A&M University  |b Rellis Campus  |c Joint Library Facility  |d Remote Storage  |e QE251 .A75  |h Library of Congress classification  |i unmediated -- volume  |k v.5  |l 1962  |m A14828086166  |p ric  |s JLF  |t 0 
952 f f |a Texas A&M University  |b Rellis Campus  |c Joint Library Facility  |d Remote Storage  |e QE251 .A75  |h Library of Congress classification  |i unmediated -- volume  |k v.15-16  |l 1972-1973  |m A14828836684  |p ric  |s JLF  |t 0 
952 f f |a Texas A&M University  |b Rellis Campus  |c Joint Library Facility  |d Remote Storage  |e QE251 .A75  |h Library of Congress classification  |i unmediated -- volume  |k v.9  |l 1966  |m A14828836448  |p ric  |s JLF  |t 0 
952 f f |a Texas A&M University  |b Rellis Campus  |c Joint Library Facility  |d Remote Storage  |e QE251 .A75  |h Library of Congress classification  |i unmediated -- volume  |k v.1  |l 1958-1959  |m A14828456816  |p ric  |s JLF  |t 0 
952 f f |a Texas A&M University  |b Rellis Campus  |c Joint Library Facility  |d Remote Storage  |e QE251 .A75  |h Library of Congress classification  |i unmediated -- volume  |k v.18  |l 1975  |m A14828836765  |p ric  |s JLF  |t 0 
952 f f |a Texas A&M University  |b Rellis Campus  |c Joint Library Facility  |d Remote Storage  |e QE251 .A75  |h Library of Congress classification  |i unmediated -- volume  |k v.12  |l 1969  |m A14828836561  |p ric  |s JLF  |t 0 
952 f f |a Texas A&M University  |b Rellis Campus  |c Joint Library Facility  |d Remote Storage  |e QE251 .A75  |h Library of Congress classification  |i unmediated -- volume  |k v.13  |l 1970  |m A14828836600  |p ric  |s JLF  |t 0 
952 f f |a Texas A&M University  |b Rellis Campus  |c Joint Library Facility  |d Remote Storage  |e QE251 .A75  |h Library of Congress classification  |i unmediated -- volume  |k v.17  |l 1974  |m A14828836723  |p ric  |s JLF  |t 0 
952 f f |a Texas A&M University  |b Rellis Campus  |c Joint Library Facility  |d Remote Storage  |e QE251 .A75  |h Library of Congress classification  |i unmediated -- volume  |k v.8  |l 1965  |m A14828836406  |p ric  |s JLF  |t 0 
952 f f |a Texas A&M University  |b Rellis Campus  |c Joint Library Facility  |d Remote Storage  |e QE251 .A75  |h Library of Congress classification  |i unmediated -- volume  |k v.14  |l 1971  |m A14828836642  |p ric  |s JLF  |t 0 
952 f f |a Texas A&M University  |b Rellis Campus  |c Joint Library Facility  |d Remote Storage  |e QE251 .A75  |h Library of Congress classification  |i unmediated -- volume  |k v.10  |l 1967  |m A14828836480  |p ric  |s JLF  |t 0 
998 f f |a QE251 .A75  |s v.5:no.8-11 (1962:Aug.-Nov.)-v.18 (1975)  |t 0  |l Remote Storage